NFL Top 100 All-Time: Interceptions - Statistics

General Stats
  • This quiz has been taken 383 times
    70 since last reset
  • The average score is 21 of 104
Answer Stats
# Player INTs % Correct
T24 Deion Sanders 53
79%
T5 Charles Woodson 65
75%
T42 Willie Wood 48
75%
7 Ed Reed 64
74%
4 Night Train Lane 68
74%
3 Rod Woodson 71
74%
T85 Harrison Smith 39
68%
T21 Darrell Green 54
67%
T10 Dave Brown 62
65%
T92 Ray Brown 38
65%
T21 Willie Brown 54
65%
T47 Jimmy Johnson 47
61%
1 Paul Krause 81
60%
T8 Ronnie Lott 63
60%
T26 Champ Bailey 52
54%
12 Emmitt Thomas 58
53%
20 Aeneas Williams 55
51%
T67 Albert Lewis 42
49%
T35 John Harris 50
47%
T13 Mel Blount 57
42%
2 Emlen Tunnell 79
40%
T24 Ty Law 53
39%
T26 Larry Wilson 52
37%
T8 Darren Sharper 63
35%
T92 Eric Davis 38
32%
T85 Lester Hayes 39
28%
T5 Ken Riley 65
26%
T47 Ronde Barber 47
26%
T32 Donnie Shell 51
25%
T21 Eric Allen 54
25%
T42 Herb Adderley 48
25%
T26 Jack Butler 52
23%
T40 Ken Houston 49
23%
T92 LeRoy Butler 38
23%
T52 Mike Haynes 46
23%
T32 Asante Samuel 51
21%
T13 Eugene Robinson 57
21%
T13 Johnny Robinson 57
21%
T63 DeAngelo Hall 43
16%
T10 Dick LeBeau 62
16%
T85 Tory James 39
16%
T92 Charles Tillman 38
14%
T78 Bill Thompson 40
12%
T63 Kermit Alexander 43
12%
T26 Mel Renfro 52
12%
T52 Jack Christiansen 46
11%
T92 Reggie Nelson 38
11%
T85 Rolland Lawrence 39
11%
T92 Sam Madison 38
11%
T61 Warren Lahr 44
11%
T73 Aaron Glenn 41
9%
T63 Dre' Bly 43
9%
T85 Glen Edwards 39
9%
T18 Lem Barney 56
9%
T18 Pat Fischer 56
9%
T78 Roger Wehrli 40
9%
T67 Terence Newman 42
9%
T35 Yale Lary 50
9%
T26 Bobby Dillon 52
7%
T67 Bobby Hunt 42
7%
T92 Eugene Daniel 38
7%
T13 Everson Walls 57
7%
T40 Jake Scott 49
7%
T47 Troy Vincent 47
7%
T78 Butch Byrd 40
5%
T85 Clarence Scott 39
5%
T35 Deron Cherry 50
5%
T92 Donnie Abraham 38
5%
T67 Gill Byrd 42
5%
T67 Sammy Knight 42
5%
T73 Spider Lockhart 41
5%
T78 Tim McDonald 40
5%
T13 Bobby Boyd 57
4%
T32 Bobby Bryant 51
4%
T73 Charlie Waters 41
4%
T63 Cris Dishman 43
4%
T42 Dave Grayson 48
4%
T73 Don Doll 41
4%
T57 Erich Barnes 45
4%
T85 Gary Barbaro 39
4%
T52 Goose Gonsoulin 46
4%
T57 James Hasty 45
4%
T92 Kevin Ross 38
4%
T92 Lindon Crow 38
4%
T47 Ray Buchanan 47
4%
T35 Terrell Buckley 50
4%
T57 Thom Darden 45
4%
T78 Tom Keane 40
4%
T78 W.K. Hicks 40
4%
T67 Ashley Ambrose 42
2%
T42 Dave Waymer 48
2%
T52 Dave Whitsell 46
2%
T35 Don Burroughs 50
2%
T52 Eddie Meador 46
2%
T78 Ed Sharockman 40
2%
T92 Gary Fencik 38
2%
T26 Jimmy Patton 52
2%
T57 Jim Norton 45
2%
T73 Johnny Sample 41
2%
T47 Lemar Parrish 47
2%
T92 Mike Harden 38
2%
T42 Richie Petitbon 48
2%
T61 Steve Foley 44
2%
T92 Rich Volk 38
0%
No matching quizzes found
Score Distribution
Percent of People with Each Score
Percentile by Number Answered
Your Score History
You have not taken this quiz since the last reset